[Event "TUR Cup"]
[Site "Antalya"]
[Date "2020.01.30"]
[Round "7"]
[White "Ozgen, Tolga"]
[Black "Sarioglu, Burak"]
[Result "0-1"]
[WhiteElo "1638"]
[BlackElo "1262"]
[PlyCount "135"]
[EventDate "2020.01.26"]
[EventType "swiss"]
[EventRounds "11"]
[EventCountry "TUR"]
[SourceTitle "CBM 194 Extra"]
[Source "ChessBase"]
[SourceDate "2020.03.31"]
[SourceVersion "1"]
[SourceVersionDate "2020.03.31"]
[SourceQuality "1"]

1. d4 d5 2. Nf3 Nf6 3. c4 c6 4. Nc3 dxc4 5. a4 Bf5 6. e3 Nbd7 7. Bxc4 e6 8. 0-0 Qc7 9. b3 Bd6 10. Ba3 Bxa3 11. Rxa3 Rg8 12. Nh4 Bg4 13. f3 Bh5 14. g4 g5 15. Ng2 Bg6 16. e4 0-0-0 17. Qe2 Qd6 18. Ra2 Qxd4+ 19. Qe3 Qxe3+ 20. Nxe3 Ne5 21. Be2 Nd3 22. Rd2 Nf4 23. Rfd1 Rxd2 24. Rxd2 Rd8 25. Rxd8+ Kxd8 26. Bc4 Nd7 27. Kf2 Ne5 28. Kg3 f6 29. h4 h6 30. hxg5 hxg5 31. Bf1 Kc7 32. Nc4 Nxc4 33. Bxc4 a5 34. Kf2 Kd6 35. Ke3 Be8 36. Ne2 Nxe2 37. Bxe2 Bd7 38. Kd4 e5+ 39. Kc3 Kc5 40. Bc4 b5 41. axb5 cxb5 42. Bf7 b4+ 43. Kd3 Bb5+ 44. Ke3 a4 45. bxa4 Bxa4 46. Kd3 Bb5+ 47. Kd2 Bc4 48. Be8 b3 49. Kc3 b2 50. Kxb2 Be2 51. Kc3 Bxf3 52. Kd3 Bxg4 53. Bg6 Be6 54. Ke3 Kd6 55. Kf3 Ke7 56. Kg3 Bd7 57. Kf3 Kf8 58. Kg3 Kg7 59. Bh5 g4 60. Bxg4 Bxg4 61. Kxg4 Kg6 62. Kf3 Kh5 63. Kg3 Kg5 64. Kf3 Kh4 65. Kf2 Kg4 66. Ke3 Kg3 67. Ke2 Kf4 68. Kd3 0-1

[Event "TUR Cup"]
[Site "Antalya"]
[Date "2020.01.29"]
[Round "5"]
[White "Yalcindag, Hakan"]
[Black "Sarioglu, Burak"]
[Result "1/2-1/2"]
[WhiteElo "1488"]
[BlackElo "1262"]
[PlyCount "83"]
[EventDate "2020.01.26"]
[EventType "swiss"]
[EventRounds "11"]
[EventCountry "TUR"]
[SourceTitle "CBM 194 Extra"]
[Source "ChessBase"]
[SourceDate "2020.03.31"]
[SourceVersion "1"]
[SourceVersionDate "2020.03.31"]
[SourceQuality "1"]

1. Nf3 Nf6 2. g3 b6 3. Bg2 Bb7 4. 0-0 e6 5. d4 d5 6. Ne5 Nbd7 7. f4 h5 8. h3 Ne4 9. Kh2 f5 10. Nd2 h4 11. Nxe4 dxe4 12. g4 Nxe5 13. fxe5 fxg4 14. hxg4 h3 15. Bh1 Qh4 16. Be3 Be7 17. Qd2 0-0-0 18. Rg1 Rdf8 19. Qe1 Qh7 20. Rf1 Qg6 21. Qg3 Ba6 22. Rxf8+ Bxf8 23. Rd1 Be7 24. Qf4 Bb7 25. c4 Rf8 26. Qg3 Bg5 27. Rg1 Rh8 28. Bxg5 Qxg5 29. e3 c5 30. dxc5 Rd8 31. Qxh3 Qxe5+ 32. Rg3 Rd2+ 33. Bg2 bxc5 34. Qh8+ Kc7 35. Qe8 Bc6 36. Qe7+ Bd7 37. b4 Rd3 38. Qxc5+ Qxc5 39. bxc5 Rd2 40. Rh3 Kc6 41. Kg3 Kxc5 42. Bxe4 1/2-1/2

[Event "TUR Cup"]
[Site "Antalya"]
[Date "2019.02.01"]
[Round "9"]
[White "Temel, Mustafa"]
[Black "Sarioglu, Burak"]
[Result "1-0"]
[WhiteElo "1621"]
[BlackElo "1295"]
[PlyCount "73"]
[EventDate "2019.01.27"]
[EventType "swiss"]
[EventRounds "11"]
[EventCountry "TUR"]
[SourceTitle "CBM 188 Extra"]
[Source "ChessBase"]
[SourceDate "2019.02.28"]
[SourceVersion "1"]
[SourceVersionDate "2019.02.28"]
[SourceQuality "1"]

1. e4 e5 2. Nf3 Nc6 3. d4 exd4 4. Bc4 Nf6 5. 0-0 Nxe4 6. Nxd4 Nd6 7. Re1+ Be7 8. Bg5 f6 9. Bxf6 gxf6 10. Qh5+ Kf8 11. Nf5 Nxc4 12. Qh6+ Ke8 13. Qg7 Rf8 14. Qxh7 d5 15. Ng7+ Kd7 16. Nc3 N6e5 17. Nxd5 c6 18. Nxe7 Qxe7 19. Rad1+ Kc7 20. Ne6+ Bxe6 21. Qxe7+ Bd7 22. Rxe5 Nxe5 23. f4 Rf7 24. Qd6+ Kb6 25. fxe5 fxe5 26. Qb4+ Kc7 27. Qa5+ b6 28. Qxe5+ Kb7 29. Rf1 Re8 30. Qh5 Rg7 31. Rf7 Re1+ 32. Kf2 Rxf7+ 33. Qxf7 Rd1 34. Ke2 Rd5 35. h3 Kc7 36. Qf4+ Kb7 37. g4 1-0

[Event "TUR Cup"]
[Site "Antalya"]
[Date "2019.01.30"]
[Round "6"]
[White "Sarioglu, Burak"]
[Black "Arslanargun, Zana"]
[Result "0-1"]
[WhiteElo "1295"]
[BlackElo "1773"]
[PlyCount "106"]
[EventDate "2019.01.27"]
[EventType "swiss"]
[EventRounds "11"]
[EventCountry "TUR"]
[SourceTitle "CBM 188 Extra"]
[Source "ChessBase"]
[SourceDate "2019.02.28"]
[SourceVersion "1"]
[SourceVersionDate "2019.02.28"]
[SourceQuality "1"]

1. d4 c5 2. c4 Nf6 3. Nf3 e6 4. Nc3 b6 5. Bf4 d6 6. dxc5 bxc5 7. e4 e5 8. Bg5 Nc6 9. Be2 Nd4 10. 0-0 Be7 11. Bxf6 Bxf6 12. Nd5 0-0 13. Nxd4 exd4 14. Bg4 Bb7 15. f4 Bxd5 16. exd5 Re8 17. Rf3 a5 18. Rh3 Re3 19. Qd2 Qe7 20. Rf1 Rxh3 21. gxh3 Qe3+ 22. Qxe3 dxe3 23. b3 Bd4 24. Re1 a4 25. Bf5 axb3 26. axb3 Ra2 27. Bd3 g6 28. Kf1 Rxh2 29. Re2 Rf2+ 30. Rxf2 exf2 31. Kg2 Kg7 32. Kf3 f5 33. h4 Kf6 34. Kg3 h6 35. Kf3 g5 36. hxg5+ hxg5 37. fxg5+ Kxg5 38. Kg3 f4+ 39. Kf3 Be3 40. Bf1 Kf5 41. Ke2 Ke4 42. Kd1 Kf3 43. Kc2 Kg3 44. Kd3 Kh2 45. Ke2 Kg1 46. Bh3 Bd4 47. Kf3 Be5 48. Ke2 f3+ 49. Kxf3 f1Q+ 50. Bxf1 Kxf1 51. Ke4 Ke2 52. b4 cxb4 53. c5 b3 0-1

[Event "TUR Cup"]
[Site "Antalya"]
[Date "2019.01.29"]
[Round "4"]
[White "Sarioglu, Burak"]
[Black "Eryigit, Cengiz"]
[Result "1-0"]
[WhiteElo "1295"]
[BlackElo "1194"]
[PlyCount "77"]
[EventDate "2019.01.27"]
[EventType "swiss"]
[EventRounds "11"]
[EventCountry "TUR"]
[SourceTitle "CBM 188 Extra"]
[Source "ChessBase"]
[SourceDate "2019.02.28"]
[SourceVersion "1"]
[SourceVersionDate "2019.02.28"]
[SourceQuality "1"]

1. e4 d5 2. exd5 Nf6 3. Bb5+ c6 4. dxc6 Nxc6 5. Nf3 Bd7 6. Nc3 e5 7. 0-0 Bd6 8. Re1 Qc7 9. d4 0-0-0 10. Bg5 Nxd4 11. Nd5 Nxd5 12. Bxd8 Rxd8 13. Bxd7+ Rxd7 14. Nxd4 exd4 15. Qg4 g6 16. Re8+ Qd8 17. Rxd8+ Kxd8 18. g3 Nf6 19. Qxd4 Be7 20. Qa4 Bc5 21. c3 Kc7 22. Qf4+ Rd6 23. Rd1 Ne8 24. Qxf7+ Kb6 25. Rxd6+ Nxd6 26. Qxh7 g5 27. b4 Bxf2+ 28. Kxf2 a6 29. Qg6 Kc6 30. c4 b6 31. Ke3 Kc7 32. Kd4 Nc8 33. Qf7+ Kb8 34. Kd5 g4 35. Kc6 Na7+ 36. Kxb6 Nc8+ 37. Kxa6 Nd6 38. Qf8+ Nc8 39. Qxc8+ 1-0

[Event "TUR Cup										"]
[Site "Antalya"]
[Date "2018.01.27"]
[Round "1"]
[White "Sarioglu, Burak"]
[Black "Ozsarilar, Osman Nuri"]
[Result "0-1"]
[WhiteElo "1219"]
[BlackElo "1833"]
[PlyCount "46"]
[EventDate "2018.01.27"]
[EventType "swiss"]
[EventRounds "11"]
[EventCountry "TUR"]
[SourceTitle "CBM 182 Extra"]
[Source "ChessBase"]
[SourceDate "2018.02.23"]
[SourceVersion "1"]
[SourceVersionDate "2018.02.23"]
[SourceQuality "1"]

1. d4 Nf6 2. c4 e6 3. Nc3 Bb4 4. Nf3 0-0 5. Bg5 c5 6. e4 cxd4 7. Nxd4 Qa5 8. Bd2 Qb6 9. Ndb5 Bxc3 10. Nxc3 Nc6 11. Rb1 d5 12. exd5 exd5 13. Qb3 Re8+ 14. Be2 Qxb3 15. axb3 d4 16. Nb5 d3 17. Be3 dxe2 18. Nc7 Bf5 19. Rc1 Nb4 20. Kxe2 Nd3 21. Ra1 Nf4+ 22. Kf3 N4h5 23. Nxa8 Bg4# 0-1